000 004150000a22000970004500
100 1 _aArrazola, María del Rosario
245 1 0 _aLa religión pone el dedo en la urna : La adhesión de los grupos cristianos a Samper despertó el dormido sentimiento católico. Varios sacerdotes piden entonces votar por Andrés Pastrana
300 _aVol. 53, Num. 53 (Junio, 1994), Páginas 20-21
773 0 _tCambio 16
942 _cANA
999 _c58486
_d58486